[Event "Valls Vs Lira Vendrellenca"]
[Site "Valls"]
[Date "2023.02.11"]
[Round "4.2"]
[White "Zwardon, Vojtech"]
[Black "Peralta, Fernando"]
[Result "0-1"]
[TimeControl "90'+30\""]
[WhiteTitle "IM"]
[BlackTitle "GM"]
[WhiteFideId "325511"]
[BlackFideId "105309"]
[WhiteElo "2487"]
[BlackElo "2596"]

1. c4 {[%emt 00:00:12]} Nf6 {[%emt 00:00:06]} 2. Nc3 {[%emt 00:00:15]} e6
{[%clk 01:30:58]} {[%emt 00:00:03]} 3. e4 {[%emt 00:00:22]} d5 {[%clk
01:30:52]} {[%emt 00:00:16]} 4. e5 {[%emt 00:00:18]} d4 {[%clk 01:30:53]}
{[%emt 00:00:14]} 5. exf6 {[%clk 01:32:48]} {[%emt 00:00:03]} dxc3 {[%clk
01:31:18]} {[%emt 00:00:05]} 6. bxc3 {[%emt 00:00:09]} Qxf6 {[%clk 01:31:35]}
{[%emt 00:00:05]} 7. Nf3 {[%emt 00:01:18]} b6 {[%clk 01:30:44]} {[%emt
00:00:05]} 8. d4 {[%emt 00:01:32]} Bb7 {[%emt 00:01:01]} 9. Bd3 {[%emt
00:01:09]} h6 {[%emt 00:02:08]} 10. Ne5 {[%emt 00:03:45]} Bd6 {[%emt 00:00:13]}
11. Qa4+ {[%emt 00:00:21]} Ke7 {[%emt 00:06:34]} 12. Ng4 {[%emt 00:00:54]} Qh4
{[%emt 00:00:58]} 13. Ne3 {[%emt 00:17:41]} Nd7 {[%emt 00:11:37]} 14. Qc2
{[%emt 00:01:27]} Rhe8 {[%emt 00:02:28]} 15. g3 {[%emt 00:07:28]} Qh3 {[%emt
00:14:55]} 16. Be4 {[%emt 00:02:16]} Bxe4 {[%emt 00:01:19]} 17. Qxe4 {[%clk
00:50:53]} {[%emt 00:05:15]} Kf8 18. a4 {[%emt 00:08:30]} e5 {[%emt 00:07:01]}
19. Qh7 {[%emt 00:04:30]} exd4 {[%clk 00:40:18]} {[%emt 00:02:59]} 20. cxd4
{[%emt 00:04:06]} Nf6 {[%emt 00:15:24]} 21. Qh8+ {[%emt 00:04:22]} Ng8 {[%clk
00:32:34]} {[%emt 00:00:20]} 22. Bd2 {[%emt 00:06:50]} f5 {[%emt 00:09:23]} 23.
c5 {[%emt 00:05:12]} bxc5 {[%clk 00:18:02]} {[%emt 00:00:06]} 24. dxc5 {[%emt
00:00:58]} Be5 {[%emt 00:01:26]} 25. O-O-O {[%emt 00:00:50]} Kf7 {[%emt
00:00:53]} 26. Qh7 {[%emt 00:00:40]} Ne7 {[%emt 00:00:50]} 27. Nc4 {[%emt
00:00:19]} Bf6 {[%emt 00:00:41]} 28. Rhe1 {[%emt 00:04:13]} Qg4 {[%emt
00:01:49]} 29. Bf4 {[%emt 00:01:52]} Rh8 {[%emt 00:01:39]} 30. Qxh8 {[%emt
00:00:03]} Rxh8 {[%clk 00:12:43]} {[%emt 00:00:03]} 31. Rd7 {[%emt 00:05:08]}
Re8 {[%clk 00:07:59]} {[%emt 00:00:09]} 32. Rxc7 {[%emt 00:00:38]} Kf8 {[%emt
00:04:27]} 33. Nd6 {[%clk 00:21:42]} {[%emt 00:01:24]} Rb8 34. Nb5 {[%clk
00:19:26]} {[%emt 00:03:45]} a6 35. Rd7 {[%emt 00:04:43]} axb5 {[%emt
00:00:49]} 36. Bxb8 {[%emt 00:00:15]} Qc4+ {[%emt 00:01:28]} 37. Kd1 {[%emt
00:00:49]} Qb3+ {[%emt 00:01:01]} 0-1

[Event "Valls Vs Lira Vendrellenca"]
[Site "Valls"]
[Date "2023.02.11"]
[Round "4.3"]
[White "Gonzalez Garcia, Jose"]
[Black "Munoz, Miguel"]
[Result "0-1"]
[TimeControl "90'+30\""]
[WhiteTitle "GM"]
[BlackTitle "GM"]
[WhiteFideId "5101174"]
[BlackFideId "3800229"]
[WhiteElo "2458"]
[BlackElo "2359"]

1. d4 {[%clk 01:30:10]} {[%emt 00:00:18]} Nf6 {[%clk 01:30:51]} {[%emt
00:00:09]} 2. c4 {[%emt 00:00:07]} c5 {[%clk 01:31:16]} {[%emt 00:00:04]} 3. d5
{[%emt 00:00:24]} d6 {[%emt 00:00:13]} 4. Nc3 {[%clk 01:31:15]} {[%emt
00:00:01]} g6 {[%emt 00:02:01]} 5. Nf3 {[%emt 00:00:04]} Bg7 {[%clk 01:32:11]}
{[%emt 00:00:05]} 6. g3 {[%clk 01:30:12]} {[%emt 00:00:09]} O-O {[%clk
01:32:28]} {[%emt 00:00:13]} 7. Bg2 {[%emt 00:00:34]} e6 {[%emt 00:02:15]} 8.
O-O {[%clk 01:29:13]} {[%emt 00:00:03]} exd5 {[%clk 01:32:28]} {[%emt
00:00:08]} 9. cxd5 {[%clk 01:26:55]} {[%emt 00:02:44]} Nbd7 10. a4 {[%emt
00:03:30]} a6 {[%emt 00:01:36]} 11. Nd2 {[%emt 00:00:23]} Ne8 {[%emt 00:13:33]}
12. Nc4 {[%emt 00:04:18]} Ne5 {[%emt 00:00:25]} 13. Nxe5 {[%emt 00:00:06]} Bxe5
{[%clk 01:27:01]} {[%emt 00:00:04]} 14. Bh6 {[%clk 01:13:27]} {[%emt 00:00:36]}
Bg7 15. Bxg7 {[%clk 01:11:13]} {[%emt 00:01:14]} Kxg7 16. e4 {[%emt 00:03:06]}
f5 {[%emt 00:09:44]} 17. f4 {[%emt 00:00:41]} fxe4 {[%emt 00:00:12]} 18. Nxe4
{[%emt 00:12:38]} Bf5 {[%emt 00:11:23]} 19. Ng5 {[%clk 00:49:18]} {[%emt
00:00:25]} Qf6 {[%emt 00:03:11]} 20. Qb3 {[%emt 00:00:57]} Rb8 {[%emt
00:12:52]} 21. Ne6+ {[%emt 00:10:19]} Bxe6 {[%clk 01:04:00]} {[%emt 00:00:17]}
22. dxe6 {[%clk 00:31:11]} {[%emt 00:02:36]} Nc7 23. Rad1 {[%clk 00:27:48]}
{[%emt 00:19:41]} Rfd8 24. Rfe1 {[%emt 00:05:30]} b5 {[%emt 00:13:23]} 25. Bc6
{[%emt 00:01:42]} bxa4 {[%clk 00:46:33]} {[%emt 00:00:04]} 26. Qc3 {[%emt
00:01:04]} Nb5 {[%emt 00:01:07]} 27. Qxf6+ {[%clk 00:14:50]} {[%emt 00:00:02]}
Kxf6 {[%emt 00:00:10]} 28. e7 {[%emt 00:00:21]} Re8 {[%emt 00:02:14]} 29. Bxe8
{[%emt 00:00:13]} Rxe8 {[%emt 00:06:05]} 30. Re4 {[%emt 00:02:42]} Rxe7 {[%emt
00:00:54]} 31. Rxa4 {[%emt 00:02:55]} Re2 {[%emt 00:01:23]} 32. Rxa6 {[%clk
00:05:34]} {[%emt 00:03:25]} Kf5 33. b4 {[%clk 00:03:22]} {[%emt 00:03:18]} Kg4
34. bxc5 {[%emt 00:02:50]} dxc5 {[%emt 00:01:46]} 35. Rd7 {[%emt 00:02:50]} c4
{[%emt 00:01:02]} 36. Rxh7 {[%emt 00:00:09]} c3 {[%emt 00:01:10]} 37. Kf1
{[%emt 00:00:38]} Kf3 {[%emt 00:00:36]} 38. g4 {[%emt 00:00:58]} c2 {[%emt
00:00:18]} 39. Rh3+ {[%emt 00:00:17]} Kxf4 {[%emt 00:00:18]} 40. Ra4+ {[%emt
00:02:54]} Re4 {[%clk 00:33:39]} 41. Ra1 {[%emt 00:07:28]} Rb4 {[%clk
00:26:17]} {[%emt 00:00:27]} 42. Kg2 {[%emt 00:00:09]} Rb1 {[%emt 00:00:11]} 43.
Rf3+ {[%clk 00:02:33]} {[%emt 00:00:25]} Kxg4 44. h3+ {[%emt 00:00:58]} Kh4
{[%clk 00:26:30]} {[%emt 00:00:07]} 45. Rf4+ {[%emt 00:00:47]} Kh5 {[%clk
00:26:07]} {[%emt 00:00:18]} 46. Rf1 {[%emt 00:00:20]} Nc3 {[%emt 00:03:12]} 47.
Rc1 {[%clk 00:00:36]} {[%emt 00:00:04]} Rxa1 {[%clk 00:26:33]} {[%emt
00:00:15]} 48. Rxa1 {[%clk 00:00:41]} {[%emt 00:00:26]} Na2 {[%emt 00:00:41]}
49. Rxa2 {[%emt 00:00:11]} c1=Q {[%emt 00:00:20]} 50. Re2 {[%emt 00:00:49]}
Qc6+ {[%emt 00:00:27]} 51. Kg3 {[%clk 00:01:05]} {[%emt 00:00:06]} Qd6+ {[%emt
00:00:29]} 52. Kg2 {[%clk 00:00:41]} {[%emt 00:00:47]} Qd5+ {[%emt 00:00:29]}
0-1

[Event "Valls Vs Lira Vendrellenca"]
[Site "Valls"]
[Date "2023.02.11"]
[Round "4.4"]
[White "Avila Jimenez, Xavier"]
[Black "Iermito, Sebastian"]
[Result "0-1"]
[TimeControl "90'+30\""]
[WhiteTitle "FM"]
[BlackTitle "IM"]
[WhiteFideId "2210533"]
[BlackFideId "114286"]
[WhiteElo "2129"]
[BlackElo "2525"]

1. d4 {[%clk 01:30:55]} {[%emt 00:00:04]} Nf6 {[%clk 01:30:53]} {[%emt
00:00:08]} 2. c4 {[%clk 01:30:53]} {[%emt 00:00:32]} g6 {[%clk 01:30:24]}
{[%emt 00:00:59]} 3. Nc3 {[%clk 01:31:07]} {[%emt 00:00:16]} d5 {[%clk
01:30:51]} {[%emt 00:00:03]} 4. Nf3 {[%clk 01:30:16]} {[%emt 00:01:21]} Bg7
{[%clk 01:31:15]} {[%emt 00:00:06]} 5. h4 {[%clk 01:29:17]} {[%emt 00:01:29]}
dxc4 {[%clk 01:26:21]} {[%emt 00:05:24]} 6. e4 {[%clk 01:27:33]} {[%emt
00:02:13]} O-O {[%clk 01:26:48]} {[%emt 00:00:05]} 7. e5 {[%clk 01:24:01]}
{[%emt 00:04:02]} Ng4 {[%clk 01:23:17]} {[%emt 00:04:01]} 8. h5 {[%clk
01:13:17]} {[%emt 00:11:14]} c5 {[%clk 01:21:09]} {[%emt 00:02:37]} 9. hxg6
{[%clk 01:12:41]} {[%emt 00:01:07]} hxg6 {[%clk 01:21:06]} {[%emt 00:00:32]} 10.
Bxc4 {[%clk 00:45:44]} {[%emt 00:27:28]} cxd4 {[%clk 01:00:03]} {[%emt
00:21:33]} 11. e6 {[%clk 00:29:13]} {[%emt 00:17:01]} Bxe6 {[%clk 00:59:09]}
{[%emt 00:01:24]} 12. Bxe6 {[%clk 00:28:07]} {[%emt 00:01:37]} fxe6 {[%clk
00:59:26]} {[%emt 00:00:13]} 13. Qe2 {[%clk 00:18:34]} {[%emt 00:10:03]} Qd7
{[%clk 00:16:40]} {[%emt 00:43:17]} 14. Qe4 {[%clk 00:10:10]} {[%emt 00:08:53]}
dxc3 {[%clk 00:17:04]} {[%emt 00:00:06]} 15. Qxg6 {[%clk 00:10:37]} {[%emt
00:00:03]} Rd8 {[%clk 00:11:13]} {[%emt 00:06:20]} 16. Bh6 {[%clk 00:01:51]}
{[%emt 00:09:16]} Nxh6 {[%clk 00:11:24]} {[%emt 00:00:20]} 17. Rxh6 {[%clk
00:01:33]} {[%emt 00:00:48]} cxb2 {[%clk 00:10:20]} {[%emt 00:01:33]} 18. Rb1
{[%clk 00:00:49]} {[%emt 00:01:15]} Qd3 {[%clk 00:09:47]} {[%emt 00:01:03]} 19.
Qxe6+ {[%clk 00:00:57]} {[%emt 00:00:22]} Kf8 {[%clk 00:10:15]} 20. Ng5 {[%clk
00:00:39]} {[%emt 00:00:49]} Bc3# {[%clk 00:10:22]} {[%emt 00:00:22]} 0-1

[Event "Valls Vs Lira Vendrellenca"]
[Site "Valls"]
[Date "2023.02.11"]
[Round "4.5"]
[White "Matnadze Bujiashvili, Ann"]
[Black "Ayas Fernandez, Antonio"]
[Result "1-0"]
[TimeControl "90'+30\""]
[WhiteTitle "WGM"]
[BlackTitle "FM"]
[WhiteFideId "13601377"]
[BlackFideId "2201119"]
[WhiteElo "2392"]
[BlackElo "2185"]

1. Nf3 {[%clk 01:30:55]} {[%emt 00:00:05]} Nf6 {[%clk 01:30:25]} {[%emt
00:00:34]} 2. c4 {[%clk 01:31:15]} {[%emt 00:00:11]} e6 {[%clk 01:30:31]}
{[%emt 00:00:24]} 3. g3 {[%clk 01:31:39]} {[%emt 00:00:06]} b6 {[%clk
01:28:09]} {[%emt 00:02:51]} 4. Bg2 {[%clk 01:32:03]} {[%emt 00:00:06]} Bb7
{[%clk 01:28:32]} {[%emt 00:00:07]} 5. O-O {[%clk 01:32:23]} {[%emt 00:00:10]}
Be7 {[%clk 01:28:35]} {[%emt 00:00:27]} 6. b3 {[%clk 01:32:35]} {[%emt
00:00:18]} c5 {[%clk 01:25:15]} {[%emt 00:03:50]} 7. Bb2 {[%clk 01:32:59]}
{[%emt 00:00:05]} O-O {[%clk 01:25:33]} {[%emt 00:00:13]} 8. d3 {[%clk
01:33:04]} {[%emt 00:00:26]} d6 {[%clk 01:23:58]} {[%emt 00:02:05]} 9. Nbd2
{[%clk 01:26:53]} {[%emt 00:06:40]} Nbd7 {[%clk 01:23:34]} {[%emt 00:00:54]} 10.
e4 {[%clk 01:26:25]} {[%emt 00:00:59]} Qc7 {[%clk 01:21:22]} {[%emt 00:02:41]}
11. Qe2 {[%clk 01:25:54]} {[%emt 00:01:01]} Rfe8 {[%clk 01:15:23]} {[%emt
00:06:29]} 12. Ne1 {[%clk 01:24:46]} {[%emt 00:01:38]} Ne5 {[%clk 01:02:14]}
{[%emt 00:13:38]} 13. f4 {[%clk 01:24:55]} {[%emt 00:00:21]} Nc6 {[%clk
01:02:32]} {[%emt 00:00:12]} 14. Nc2 {[%clk 01:25:12]} {[%emt 00:00:13]} e5
{[%clk 00:58:10]} {[%emt 00:04:52]} 15. Ne3 {[%clk 01:22:36]} {[%emt 00:03:06]}
Nd4 {[%clk 00:51:12]} {[%emt 00:07:28]} 16. Qf2 {[%clk 01:21:48]} {[%emt
00:01:17]} Nd7 {[%clk 00:43:38]} {[%emt 00:08:04]} 17. Rae1 {[%clk 01:15:50]}
{[%emt 00:06:28]} f6 {[%clk 00:39:53]} {[%emt 00:04:15]} 18. Bh3 {[%clk
01:14:52]} {[%emt 00:01:28]} Nf8 {[%clk 00:38:40]} {[%emt 00:01:43]} 19. Nd5
{[%clk 01:13:44]} {[%emt 00:01:39]} Qd8 {[%clk 00:33:29]} {[%emt 00:05:41]} 20.
Bg4 {[%clk 01:13:47]} {[%emt 00:00:26]} Bc8 {[%clk 00:30:00]} {[%emt 00:03:59]}
21. f5 {[%clk 01:13:18]} {[%emt 00:00:59]} g6 {[%clk 00:28:30]} {[%emt
00:02:00]} 22. Bd1 {[%clk 01:12:54]} {[%emt 00:00:54]} Kg7 {[%clk 00:28:07]}
{[%emt 00:00:52]} 23. g4 {[%clk 01:11:38]} {[%emt 00:01:47]} g5 {[%clk
00:25:50]} {[%emt 00:02:47]} 24. h4 {[%clk 01:11:55]} {[%emt 00:00:13]} h6
{[%clk 00:26:07]} {[%emt 00:00:13]} 25. hxg5 {[%clk 01:12:01]} {[%emt
00:00:24]} hxg5 {[%clk 00:26:15]} {[%emt 00:00:22]} 26. Re3 {[%clk 01:12:10]}
{[%emt 00:00:21]} Bb7 {[%clk 00:23:35]} {[%emt 00:03:11]} 27. Rh3 {[%clk
01:12:12]} {[%emt 00:00:27]} Bxd5 {[%clk 00:23:13]} {[%emt 00:00:52]} 28. exd5
{[%clk 01:12:36]} {[%emt 00:00:07]} Nd7 {[%clk 00:23:32]} {[%emt 00:00:11]} 29.
Kg2 {[%clk 01:11:15]} {[%emt 00:01:50]} Rh8 {[%clk 00:23:05]} {[%emt 00:00:58]}
30. Rxh8 {[%clk 01:11:18]} {[%emt 00:00:27]} Qxh8 {[%clk 00:23:21]} {[%emt
00:00:14]} 31. Rh1 {[%clk 01:11:43]} {[%emt 00:00:04]} Qg8 {[%clk 00:21:40]}
{[%emt 00:02:11]} 32. Qe3 {[%clk 01:11:02]} {[%emt 00:01:11]} Kf7 {[%clk
00:18:54]} {[%emt 00:03:17]} 33. b4 {[%clk 01:09:06]} {[%emt 00:02:26]} a6
{[%clk 00:15:36]} {[%emt 00:03:49]} 34. Rh5 {[%clk 01:08:49]} {[%emt 00:00:47]}
Rf8 {[%clk 00:12:52]} {[%emt 00:03:14]} 35. bxc5 {[%clk 01:06:49]} {[%emt
00:02:30]} bxc5 {[%clk 00:12:06]} {[%emt 00:01:16]} 36. Ba4 {[%clk 01:07:10]}
{[%emt 00:00:09]} Ke8 {[%clk 00:10:47]} {[%emt 00:01:49]} 37. Bc3 {[%clk
01:06:22]} {[%emt 00:01:17]} Kd8 {[%clk 00:09:31]} {[%emt 00:01:46]} 38. Ba5+
{[%clk 01:06:14]} {[%emt 00:00:39]} Kc8 {[%clk 00:09:50]} {[%emt 00:00:12]} 39.
Qe1 {[%clk 01:04:19]} {[%emt 00:02:24]} Qg7 {[%clk 00:09:27]} {[%emt 00:00:53]}
40. Qh1 {[%clk 01:01:19]} {[%emt 00:03:30]} Rf7 {[%clk 00:07:30]} {[%emt
00:02:28]} 41. Ne4 {[%clk 00:59:52]} {[%emt 00:01:56]} Ne2 {[%clk 00:07:13]}
{[%emt 00:00:47]} 42. Rh8+ {[%clk 00:59:24]} {[%emt 00:00:57]} Nf8 {[%clk
00:07:07]} {[%emt 00:00:37]} 43. Kf3 {[%clk 00:58:25]} {[%emt 00:01:28]} Nf4
{[%clk 00:05:48]} {[%emt 00:01:50]} 44. Be8 {[%clk 00:55:55]} {[%emt 00:02:59]}
1-0

[Event "Valls Vs Lira Vendrellenca"]
[Site "Valls"]
[Date "2023.02.11"]
[Round "4.6"]
[White "Pros Heras, Jordi"]
[Black "Baches Garcia, Guillermo"]
[Result "0-1"]
[TimeControl "90'+30\""]
[BlackTitle "IM"]
[WhiteFideId "2212951"]
[BlackFideId "2209764"]
[WhiteElo "2061"]
[BlackElo "2326"]

1. d4 {[%emt 00:00:37]} Nf6 {[%emt 00:00:34]} 2. c4 {[%clk 01:31:09]} {[%emt
00:00:18]} e6 3. Nc3 {[%emt 00:00:48]} Bb4 {[%emt 00:00:13]} 4. f3 {[%emt
00:01:39]} Nc6 {[%emt 00:02:45]} 5. e4 {[%clk 01:20:05]} {[%emt 00:01:19]} d5 6.
e5 {[%emt 00:13:33]} Ng8 {[%emt 00:16:45]} 7. a3 {[%clk 01:04:32]} {[%emt
00:01:51]} Bxc3+ 8. bxc3 {[%clk 00:59:04]} {[%emt 00:00:39]} dxc4 9. f4 {[%emt
00:11:01]} Na5 {[%emt 00:12:53]} 10. Nf3 {[%emt 00:08:26]} Ne7 {[%emt
00:18:24]} 11. Bxc4 {[%emt 00:00:59]} Nxc4 {[%clk 01:10:12]} {[%emt 00:00:09]}
12. Qa4+ {[%clk 00:28:57]} {[%emt 00:08:02]} Bd7 13. Qxc4 {[%emt 00:02:04]} Bc6
{[%emt 00:00:23]} 14. O-O {[%emt 00:01:48]} Qd7 {[%emt 00:16:10]} 15. Qe2
{[%emt 00:05:58]} O-O-O {[%emt 00:05:08]} 16. Bd2 {[%emt 00:06:10]} Bd5 {[%emt
00:01:19]} 17. a4 {[%emt 00:08:12]} f5 {[%emt 00:01:40]} 18. Be1 {[%emt
00:04:07]} h6 {[%emt 00:05:20]} 19. Nd2 {[%emt 00:02:53]} g5 {[%emt 00:00:25]}
20. Qb5 {[%clk 00:01:39]} {[%emt 00:03:58]} Bc6 21. Qc5 {[%emt 00:07:39]} Qd5
{[%emt 00:01:19]} 22. Qxd5 {[%clk 00:01:14]} {[%emt 00:00:13]} Nxd5 23. fxg5
{[%emt 00:01:55]} hxg5 {[%emt 00:01:14]} 24. Nc4 {[%clk 00:00:55]} {[%emt
00:03:08]} Nf4 25. Ne3 {[%emt 00:01:49]} Rh7 {[%clk 00:21:13]} {[%emt
00:00:04]} 26. Bg3 {[%emt 00:01:02]} Ne2+ {[%emt 00:00:42]} 0-1

[Event "Valls Vs Lira Vendrellenca"]
[Site "Valls"]
[Date "2023.02.11"]
[Round "4.7"]
[White "Garcia Jimenez, Francisco Javier"]
[Black "Saumoy Poch, Salvador"]
[Result "1-0"]
[TimeControl "90'+30\""]
[WhiteTitle "FM"]
[WhiteFideId "2231590"]
[BlackFideId "22230424"]
[WhiteElo "2244"]
[BlackElo "2008"]

1. e4 {[%emt 00:00:06]} e6 {[%emt 00:02:15]} 2. d4 {[%clk 01:29:12]} {[%emt
00:00:03]} d5 {[%clk 01:31:17]} {[%emt 00:00:05]} 3. exd5 {[%clk 01:29:38]}
{[%emt 00:00:05]} exd5 {[%emt 00:00:11]} 4. c4 {[%emt 00:03:51]} c6 {[%emt
00:00:05]} 5. Nc3 {[%emt 00:01:55]} Nf6 {[%emt 00:00:22]} 6. Bd3 {[%emt
00:05:35]} Be7 {[%emt 00:00:18]} 7. Nge2 {[%emt 00:00:45]} Nbd7 {[%emt
00:01:49]} 8. cxd5 {[%emt 00:03:51]} Nxd5 {[%emt 00:01:33]} 9. Nxd5 {[%clk
01:28:00]} {[%emt 00:00:06]} cxd5 {[%emt 00:00:19]} 10. O-O {[%emt 00:00:56]}
O-O {[%emt 00:03:54]} 11. Ng3 {[%emt 00:07:48]} Nf6 {[%emt 00:11:22]} 12. Bf4
{[%emt 00:11:23]} Bd6 {[%clk 01:01:40]} 13. Be5 {[%emt 00:14:37]} Bxe5 {[%clk
00:47:30]} {[%emt 00:00:08]} 14. dxe5 {[%emt 00:00:48]} Ng4 {[%emt 00:01:23]}
15. h3 {[%emt 00:02:56]} Nxe5 {[%emt 00:01:49]} 16. Bxh7+ {[%clk 01:12:38]}
{[%emt 00:00:03]} Kxh7 {[%clk 00:43:51]} {[%emt 00:00:09]} 17. Qh5+ {[%emt
00:00:06]} Kg8 {[%clk 00:44:13]} {[%emt 00:00:03]} 18. Qxe5 {[%emt 00:02:14]}
Re8 {[%emt 00:00:11]} 19. Qd4 {[%emt 00:01:23]} Qg5 {[%emt 00:05:20]} 20. Rae1
{[%emt 00:07:12]} Rxe1 {[%emt 00:00:33]} 21. Rxe1 {[%emt 00:02:53]} Be6 {[%emt
00:03:33]} 22. Kh2 {[%emt 00:12:45]} Qd8 {[%emt 00:04:13]} 23. Nh5 {[%emt
00:04:37]} Qf8 {[%emt 00:00:54]} 24. Re3 {[%emt 00:05:58]} Qd6+ {[%emt
00:03:23]} 25. f4 {[%emt 00:01:29]} f6 {[%emt 00:00:56]} 26. Rg3 {[%emt
00:02:06]} Qb6 {[%emt 00:01:33]} 27. Qxf6 {[%clk 00:55:11]} {[%emt 00:00:01]}
1-0

[Event "Valls Vs Lira Vendrellenca"]
[Site "Valls"]
[Date "2023.02.11"]
[Round "4.8"]
[White "Navarro Perez, Manuel"]
[Black "Vehi Bach, Victor Manuel"]
[Result "0-1"]
[TimeControl "90'+30\""]
[BlackTitle "IM"]
[WhiteFideId "2207010"]
[BlackFideId "2200228"]
[WhiteElo "2005"]
[BlackElo "2248"]

1. e4 {[%emt 00:00:16]} c5 {[%clk 01:30:44]} {[%emt 00:00:09]} 2. Nc3 {[%emt
00:00:14]} a6 {[%emt 00:00:09]} 3. a4 {[%emt 00:00:32]} e6 {[%emt 00:00:42]} 4.
Bc4 {[%emt 00:02:44]} Nc6 {[%emt 00:09:56]} 5. f4 {[%clk 01:17:16]} {[%emt
00:07:10]} Nge7 6. d3 {[%emt 00:09:10]} d5 {[%emt 00:00:57]} 7. Ba2 {[%emt
00:08:20]} g6 {[%emt 00:00:26]} 8. Nf3 {[%emt 00:00:12]} Bg7 {[%emt 00:00:27]}
9. O-O {[%clk 01:17:04]} {[%emt 00:00:03]} O-O {[%emt 00:02:19]} 10. Qe1 {[%emt
00:11:26]} b5 {[%emt 00:17:58]} 11. f5 {[%clk 00:38:08]} {[%emt 00:03:18]} b4
12. Qh4 {[%emt 00:28:46]} Nxf5 {[%emt 00:24:52]} 13. Qxd8 {[%emt 00:00:32]}
Rxd8 {[%emt 00:00:29]} 14. Nxd5 {[%emt 00:00:55]} exd5 {[%emt 00:02:54]} 15.
exf5 {[%emt 00:01:09]} Bxf5 {[%emt 00:00:27]} 16. Bg5 {[%emt 00:01:14]} Rd7
{[%emt 00:02:52]} 17. Be3 {[%clk 00:09:01]} {[%emt 00:07:36]} Bxb2 18. Rab1
{[%emt 00:17:34]} d4 {[%emt 00:00:51]} 19. Bh6 {[%clk 00:08:41]} {[%emt
00:01:14]} Bc3 20. Ng5 {[%emt 00:01:43]} Ne5 {[%emt 00:00:08]} 21. h3 {[%emt
00:01:03]} c4 {[%emt 00:07:25]} 22. Rxf5 {[%emt 00:00:24]} gxf5 {[%emt
00:00:08]} 23. dxc4 {[%emt 00:02:03]} Rd6 {[%emt 00:01:47]} 0-1

[Event "Valls Vs Lira Vendrellenca"]
[Site "Valls"]
[Date "2023.02.11"]
[Round "4.9"]
[White "Ryan, Joe"]
[Black "Ventos Navarro, Liberto"]
[Result "1-0"]
[TimeControl "90'+30\""]
[WhiteTitle "FM"]
[WhiteFideId "2500426"]
[BlackFideId "2214326"]
[WhiteElo "2230"]
[BlackElo "1961"]

1. e4 {[%emt 00:00:10]} g6 {[%emt 00:00:35]} 2. d4 {[%clk 01:30:30]} {[%emt
00:00:09]} Bg7 {[%emt 00:01:29]} 3. Nf3 {[%emt 00:01:07]} d6 {[%emt 00:01:22]}
4. Bc4 {[%emt 00:02:22]} a6 {[%emt 00:01:12]} 5. O-O {[%emt 00:03:26]} e6
{[%emt 00:01:10]} 6. Bb3 {[%emt 00:01:00]} Ne7 {[%emt 00:01:26]} 7. c3 {[%emt
00:01:51]} O-O {[%emt 00:01:58]} 8. Nbd2 {[%emt 00:03:20]} c5 {[%emt 00:00:57]}
9. Re1 {[%emt 00:01:42]} cxd4 {[%emt 00:00:19]} 10. cxd4 {[%emt 00:01:08]} d5
{[%emt 00:01:26]} 11. e5 {[%emt 00:00:13]} Nbc6 {[%emt 00:04:36]} 12. Bc2
{[%clk 01:18:14]} {[%emt 00:02:53]} f6 13. exf6 {[%clk 01:17:47]} {[%emt
00:01:46]} Bxf6 14. Nb3 {[%clk 01:16:16]} {[%emt 00:02:57]} Qd6 15. Bh6 {[%emt
00:04:01]} Re8 {[%emt 00:08:03]} 16. Qe2 {[%emt 00:08:05]} Bd7 {[%emt
00:14:01]} 17. Rad1 {[%clk 00:51:12]} {[%emt 00:09:25]} Nf5 18. Bxf5 {[%emt
00:05:07]} exf5 {[%emt 00:00:20]} 19. Qd2 {[%clk 00:51:28]} {[%emt 00:08:21]}
Rxe1+ {[%clk 00:50:14]} 20. Rxe1 {[%clk 00:51:07]} {[%emt 00:00:46]} Re8 21.
Rxe8+ {[%emt 00:00:56]} Bxe8 {[%emt 00:03:50]} 22. Bf4 {[%clk 00:46:47]} {[%emt
00:00:14]} Qe7 23. Bg5 {[%emt 00:09:51]} Bxg5 {[%emt 00:01:18]} 24. Nxg5 {[%emt
00:04:30]} h6 {[%emt 00:01:30]} 25. Nf3 {[%clk 00:44:26]} {[%emt 00:00:05]} Kg7
26. h4 {[%clk 00:41:56]} {[%emt 00:06:18]} Qe4 27. Nc5 {[%clk 00:41:05]} {[%emt
00:03:09]} Qe7 28. Qf4 {[%emt 00:02:44]} a5 {[%emt 00:03:29]} 29. Ne5 {[%emt
00:02:12]} Nxe5 {[%emt 00:00:10]} 30. Qxe5+ {[%emt 00:00:09]} Qxe5 {[%clk
00:32:46]} {[%emt 00:00:03]} 31. dxe5 {[%emt 00:00:08]} b6 {[%emt 00:00:47]} 32.
Ne6+ {[%clk 00:38:52]} {[%emt 00:02:03]} Kf7 33. Nd4 {[%emt 00:03:01]} f4
{[%emt 00:01:58]} 34. g4 {[%emt 00:06:12]} fxg3 {[%emt 00:00:59]} 35. f4 {[%clk
00:37:07]} {[%emt 00:05:12]} g5 36. hxg5 {[%emt 00:00:47]} h5 {[%emt 00:10:45]}
37. f5 {[%emt 00:04:38]} Kg7 {[%emt 00:01:52]} 38. Kg2 {[%clk 00:25:28]} {[%emt
00:00:02]} h4 {[%emt 00:06:03]} 39. Nf3 {[%emt 00:03:05]} Bh5 {[%emt 00:00:13]}
40. Nxh4 {[%emt 00:00:16]} d4 {[%emt 00:01:07]} 41. Kf1 {[%clk 00:19:55]}
{[%emt 00:00:20]} d3 42. Ke1 {[%clk 00:17:55]} {[%emt 00:02:37]} Bg4 43. f6+
{[%emt 00:05:28]} Kf7 {[%emt 00:00:09]} 44. g6+ {[%emt 00:00:14]} Kg8 {[%emt
00:00:30]} 45. Kd2 {[%emt 00:02:06]} Bh5 {[%emt 00:01:10]} 46. g7 {[%clk
00:17:40]} {[%emt 00:00:06]} Bf7 {[%emt 00:00:45]} 47. Kxd3 {[%emt 00:02:37]}
Bxa2 {[%emt 00:00:06]} 48. Ke3 {[%emt 00:00:17]} Bd5 {[%emt 00:00:38]} 49. Nf5
{[%clk 00:17:38]} {[%emt 00:00:36]} Be6 50. Nxg3 {[%emt 00:01:38]} 1-0